00925nam a22002537a 4500003000900000005001700009008002900026020001800055040002500073082002800098100003200126245007300158260005000231300002800281490002600309590002600335650003100361650003700392700004500429910004100474942001200515952012700527999001700654DO-SdBPM20250523105318.0151113b 2012 p | 00| 0 spa d a9786124103261 aDO-SdBPMbspacBPMSU 4a823.8 bW671g 20122221 aWilde, Oscar,d1854-1900. 10aEl gigante egoísta /cOscar Wilde ; ilustrado Gerson Jara Morales  a Lima, Perú :b Editorial Educativa,c2012 a10 p. :bil. ;c28 cm. 0 a Cuentos selecotosv  aInventariado, 2025/VM 4aCuentos Juveniles ingleses 4aLibros ilustrados para niños 1 aJara Morales, Gerson eilustraciones d  a VMateo V. Control de calidad. BPMSU 2ddccBK 00102ddc40708CI-GaBPMETbBPMETd2025-05-23l0oBPMSU CGI 823.8 W671g 2012pBPMSU25050082r2025-05-23w2025-05-23yBK c15097d15097